Nebeské štebotanie žalmy ako slovo Božie v Lutherových výkladoch 1519-1530

Bibliographic Details
Main Author: Batka, Ľubomír, 1974- (Author, Editor)
Format: Book
Language:Slovak
PhysicalDescription:103 strán 23 cm
Published: Praha Lutherova společnost 2015
ISBN:9788090445956
Edition:Vydanie prvé
Subjects:

MARC

LEADER 00000nam a2200000 4500
001 vtls012289472
003 SK-MaSNL
005 20260318110303.0
008 260112s2015 xr f n 000 0 slo
015 |a SNBZSA2026/03 
020 |a 9788090445956  |q (brožované)  |z 9788090445949 
040 |a SNK  |b slo  |c SNK  |e rda 
041 0 |a slo  |b slo  |b ger 
044 |a xr  |c CZ 
072 7 |a 27-9  |x Dejiny kresťanskej cirkvi  |2 konspekt 
080 |a 27-9"14/15"  |2 2011 
080 |a 82-141  |2 2011 
080 |a 783.27  |2 2011 
080 |a (048.8)  |2 2011 
080 |a (0.064)  |2 2011 
100 1 |a Batka, Ľubomír,  |d 1974-  |4 aut  |4 edt  |9 161159 
245 1 0 |a Nebeské štebotanie  |b žalmy ako slovo Božie v Lutherových výkladoch 1519-1530  |c Ľubomír Batka 
246 3 0 |a Žalmy ako slovo Božie v Lutherových výkladoch 1519-1530 
250 |a Vydanie prvé 
264 1 |a Praha  |b Lutherova společnost  |c 2015 
300 |a 103 strán  |c 23 cm 
336 |a text  |b txt  |2 rdacontent 
337 |a bez média  |b n  |2 rdamedia 
338 |a zväzok  |b nc  |2 rdacarrier 
366 |e 500 kusov 
500 |a Obsahuje poznámky 
504 |a Obsahuje bibliografiu a bibliografické odkazy 
546 |a Slovenské a nemecké resumé 
600 1 7 |a Luther, Martin,  |d 1483-1546  |2 SNKMA  |9 106834 
650 0 7 |a žalmy  |2 SNKPH  |9 1744 
650 0 7 |a reformácia  |2 SNKPH  |9 247352 
650 0 7 |a Psalms  |2 SNKPHeng  |9 337345 
650 0 7 |a Reformation  |2 SNKPHeng  |9 144825 
655 7 |a štúdie  |2 SNKPH  |9 57033 
655 7 |a výklady  |2 SNKPH  |9 29178 
655 7 |a Studies  |2 SNKPHeng  |9 265573 
655 7 |a Expositions  |2 SNKPHeng  |9 132138 
852 |a Slovenská národná knižnica 
919 |a 978-80-904459-5-6 
954 |a odborná, vedecká literatúra pôvodná (slovenská)  |2 lita 
954 |a duchovná literatúra pôvodná (slovenská)  |2 lita 
958 |a NB 
958 |a NT 
999 |c 1046739  |d 1048669 
952 |a SNK  |b SNK  |c SNK_KF  |y PREZ  |7 8  |p 17A1583046  |o snkSC 212996  |i snk2026/121  |8 1  |0 0  |1 0  |4 0  |d 2026-01-08  |l 0  |r 2026-02-24 14:43:06  |w 2026-02-24